000 00416nam a22001457a 4500
005 20250605171848.0
008 250605b |||||||| |||| 00| 0 eng d
020 _a9780062548702
050 _aBT 704 CAR
100 _aCARR, ANNE E.
245 _aTRANSFORMING GRACE
_bChristian Tradition and Women,s Experience
_cANNE E. CARR
260 _aSAN FRANCISCO
_bHARPER
_cc1988
300 _aix.; 272p.;
942 _2lcc
_cBK
_n0
999 _c6320
_d6320